000 00221nam a22000857a 4500
008 160809b xxu||||| |||| 00| 0 eng d
100 _983
_aBerry N
245 _aThe Story of Time
260 _aNew Delhi
_bChildren Book Trust
_c2001
999 _c2737
_d2737